LEADER 01061naa a2200217 u 4500 001 000000100540 003 CaOOAMICUS 005 20070226130203.0 008 051122s1976 it u000 u ita u 035 $a11070000 040 $aIAR$bita 100 1 $aTurchini, Angelo.$0(OLS)http://pul/name/12276 245 10$a[Recensione :] M. Ruzzu: La chiesa turritana dall'episcopato di Pietro Spano ad Alepus (1420-1566). Vita religiosa, sinodi, istituzioni /$c[Angelo Turchini]. 260 $a[Milano :$bVita e pensiero],$c[1976] 300 $aS. 669-671 ;$c25 cm 600 14$aRuzzu, Mario$tChiesa turritana dall'episcopato di Pietro Spano ad Alepus (1420-1566).$0(OLS)http://pul/subject/32283 730 0 $aAevum$g[Spogli].$0(OLS)http://pul/title/11692 773 0 $aAevum ;.$k50 (1976) 773 0 $tAevum$w()8026 996 $6245$a[Recensione :] M. Ruzzu: La chiesa turritana dall'episcopato di Pietro Spano ad Alepus (1420-1566). Vita religiosa, sinodi, istituzioni$9(OLS)http://pul/title/127438 996 $6260$a[Milano :$bVita e pensiero]$9(OLS)http://pul/publisher/79155 LEADER 01449nam a2200301 u 4500 001 000000005262 003 CaOOAMICUS 005 20150112161826.0 008 941103s1960 au df u000 u lat u 035 $a10138982 040 $aPUL(R)$bita 100 0 $aBenedictus Casinensis,$csanto,$dcirca 480-543.$0(OLS)http://pul/name/876 240 10$aRegula$9(Benedictus, s., abate di Montecassino, 480-543).$0(OLS)http://pul/title/7699 245 10$aBenedicti Regula /$cRecensuit Rudolphus Hanslik. 260 $aVindobonae :$bHoelder-Pichler-Tempsky,$c1960. 300 $alxxiv, 376 p., [1] c. di tav. color.$bdiagr.$c24 cm 490 1 $aCorpus scriptorum ecclesiasticorum Latinorum ;$v75 700 1 $aHanslik, Rudolf,$d1907-1982.$0(OLS)http://pul/name/5500 830 0$aCorpus scriptorum ecclesiasticorum Latinorum ;$v75.$0(OLS)http://pul/title/1658 850 $aPUL 852 $aPUL$W1$xSL Cons. Gen., Altre Classi 1$y1$m2004$j1449$nBK-PRI$b $qStampati$B7377$CPULBib$Z2$F7377 $H $81 852 $aPUL$W1$xDP1 Fondo Capitani$y116$m3 A 43$j115666$qFondi$B162605$CPULBib$Z2$F162605 $HCap689 $82 900 $aBenedetto da Norcia,$cs., abate di Montecassino,$d480-543$9876 941 1 $a8 941 1 $a1 961 $aINV: 20559 996 $6245$aBenedicti Regula$9(OLS)http://pul/title/7702 996 $6260$aVindobonae :$bHoelder-Pichler-Tempsky$9(OLS)http://pul/publisher/48542